El rostro oculto / (Registro nro. 4645)

Detalles MARC
000 -LEADER
fixed length control field 01174nam a2200229Ia 4500
003 - CONTROL NUMBER IDENTIFIER
control field OSt
005 - DATE AND TIME OF LATEST TRANSACTION
control field 20250414154115.0
008 - FIXED-LENGTH DATA ELEMENTS--GENERAL INFORMATION
fixed length control field 191128s2013 ck er 000 f spa d
040 ## - CATALOGING SOURCE
Original cataloging agency CO-JMCR
Transcribing agency CO-JMCR
041 ## - LANGUAGE CODE
Language code of text/sound track or separate title spa
082 04 - DEWEY DECIMAL CLASSIFICATION NUMBER
Classification number A-N
Item number GOMr
100 1# - MAIN ENTRY--PERSONAL NAME
Personal name Gómez Caballero, Ana Cristina,
Relator term autor
9 (RLIN) 7139
245 13 - TITLE STATEMENT
Title El rostro oculto /
Statement of responsibility, etc. Ana Cristina Gómez Caballero
250 ## - EDITION STATEMENT
Edition statement Primera edición
260 ## - PUBLICATION, DISTRIBUTION, ETC.
Place of publication, distribution, etc. Bogotá :
Name of publisher, distributor, etc. Editorial Kimpres,
Date of publication, distribution, etc. 2013
300 ## - PHYSICAL DESCRIPTION
Extent 517 páginas :
Other physical details fotografías a blanco y negro ;
Dimensions 22 cm.
500 ## - GENERAL NOTE
General note Incluye datos biografícos de la autora en solapa frontal.
505 ## - FORMATTED CONTENTS NOTE
Formatted contents note Infancia -- Familia paterna - mi abuela : flora -- Familia materna - mi abuelo -- La muerte de mi hermano Luis -- Mis primeros años y mi primer clase de ballet -- Conociendo a Toumanova y mi primer viaje a Nueva York
520 ## - SUMMARY, ETC.
Summary, etc. Ana Consuelo Gómez Caballero nos entrega un relato detallado de su vida cuando a loa tes años descubrio su pasión por la danza, pasando por su adolecencia y juventud en Nueva York y en París donde se formo en las mejores escuelas de ballet y tuvo su despe
650 14 - SUBJECT ADDED ENTRY--TOPICAL TERM
Topical term or geographic name entry element Danza en la literatura
9 (RLIN) 7140
942 ## - ADDED ENTRY ELEMENTS (KOHA)
Source of classification or shelving scheme Dewey Decimal Classification
Koha item type Books
Existencias
Withdrawn status Lost status Source of classification or shelving scheme Materials specified (bound volume or other part) Damaged status Not for loan Home library Current library Date acquired Source of acquisition Full call number Barcode Date last seen Copy number Koha item type Public note
    Dewey Decimal Classification Donación--18/07/2019--     Biblioteca Pública José María del Castillo y Rada Biblioteca Pública José María del Castillo y Rada 11/28/2019 Donación A-N GOMr 201809587 11/28/2019 Ej.1 Books Exlibris : dedicatoria en primera hoja.